00417 2200169 4500001002100000008004100021035002000062245004400082250001000126260002900136300001500165020001800180084001700198082001100215650000900226990001200235INLIS000000000000759 ind  a0010-0722000308 aIbrahim Nabi Kekasih AllahcRizem Azaid acet:1 aYogyakarta:bSaufac2015 a292c20 cm a9786022557340 a297.34 RIZ i a297.34 aNabi aDI.1236